| 000 | 00561nam a2200217 a 4500 | ||
|---|---|---|---|
| 005 | 20140310183339.0 | ||
| 008 | 061106s19uu xx 00 eng d | ||
| 020 | _a013196853X | ||
| 050 |
_aHF 5415.13 _b.K64 2006 |
||
| 100 | _aKotler, Philip | ||
| 245 | _aMarketing management/. | ||
| 250 | _a12 ed. | ||
| 260 |
_aNew Jersey : _bPearson Education, _c2006. |
||
| 300 |
_a672 p. : _bill. ; _c27 cm. |
||
| 521 | _aBSBA | ||
| 650 |
_aMarketing _xManagement. |
||
| 700 | _aKeller, Kevin Lane | ||
| 942 |
_cBK _2lcc _kFOR |
||
| 999 |
_c21756 _d21756 |
||